=LDR 00000nam 2200000 4500 =001 INLIS000000000023427 =005 20130612122108 =008 ***********************************Ind** =035 ##$$a0010-061300000023427 =041 ##$$a Ind =082 ##$$a 540.1 =090 ##$$a 540.1, Pur-k =100 ##$$a Purbianto, Agung =245 ##$$a Kimia 2, Program ilmu-ilmu biologi dan ilmu-ilmu fisik (A1A2), Agung Purbianto =260 ##$$a 1989 $b Jakarta =300 ##$$a ii, 172 hlm., ilus., 21 cm =650 ##$$a Kimia SMA =850 ##$$a NBPNMAT =990 ##$$a 0001/BPAP-NTB/20142014